000 01024nam a2200265 i 4500
001 170139
003 ES-MaACL
005 20250716062539.0
008 090205s1989 fr a |||| | eng d
020 _a2-86869-381-4
080 _a782.089.1
100 1 _aPurcell, Henry.
_9138561
245 1 4 _aThe Fairy Queen /
_can opera by Henry Purcell ; after "A midsummer night's dream", by William Shakespeare.
246 1 1 _aLa reine des fées
260 _aArles :
_bActes Sud/Festival d'Aix,
_c1989.
300 _a77 p. :
_bil. ;
_c24 x 13 cm +
_e1fascículo ( 29 p.)
546 _aFasc. con la traducción al francés.
594 _aPreface to the libretto [by] Roger Savage.
599 _aIl. de Deirdre Clancy.
650 4 _aÓperas-
_vLibretos.
_9137584
700 1 _aShakespeare, William,
_d1564-1616
_9105992
852 4 _aES-MaACL
_j2235-F-18
_9R.140618
_z. - Biblioteca Jacinto Martínez Lacalle
852 4 _aES-MaACL
_j2235-F-17
_9R.141138
_z. - Biblioteca Jacinto Martínez Lacalle
999 _c170139
_d170139